000
00277nam a2200121Ia 4500
005
20251222141901.0
008
251222s9999||||xx |||||||||||||| ||spa||
020
_a
978-9972-02-191-6
082
_a
641.53/C76
245
0
_a
Comida Rica y Sana
264
_b
Comercio
942
_c
LIB
999
_c
8048
_d
8048